000 00713nam a2200205Ia 4500
003 GCL
008 140319s9999 xx 000 0 ara d
040 _aGCL /
_cGCL
082 0 4 _aق
_b069
_bم م
100 1 _aمحمد مصطفى
245 1 0 _aمتحف الفن الاسلامى :
_bالاسرة فى الفن الاسلامى- معرض مؤقت- 8 سبتمبر 1994- /
_cمحمد مصطفى
260 _aالقاهرة :
_bالهيئة المصرية العامة للكتاب ،
_c1978
300 _a152 ص ؛
_c24 سم
490 _a
650 0 4 _aمصر
650 0 4 _aالاثار الاسلامية
650 0 4 _aمتحف الفن الاسلامى
650 0 4 _aالقاهرة
942 _2ddc
_cBK
999 _c52356
_d52356